Chile 1970-1973. Asumir la historia para construir el futuro
Saved in:
| Hovedforfatter: | |
|---|---|
| Format: | Bog |
| Sprog: | spansk |
| Udgivet: |
Santiago, Chile
Pehuén
1996
|
| Fag: | |
| Tags: |
Tilføj Tag
Ingen Tags, Vær først til at tagge denne postø!
|
MARC
| LEADER | 00000nam a2200000 a 4500 | ||
|---|---|---|---|
| 001 | UCU9604 | ||
| 003 | CL-VaPUC | ||
| 005 | 20210923133855.0 | ||
| 008 | 960823e19960000CL |||||||||||||||||spa|d | ||
| 999 | |c 251316 |d 251314 | ||
| 020 | |a 9561602881 | ||
| 040 | |c Pontificia Universidad Católica de Valparaíso | ||
| 082 | 0 | 4 | |a 330 BIT 1996 |2 21 |
| 100 | 0 | |a Bitar Chacra, Sergio |e author |9 368855 | |
| 245 | 1 | 0 | |a Chile 1970-1973. |b Asumir la historia para construir el futuro |
| 260 | |a Santiago, Chile |b Pehuén |c 1996 | ||
| 300 | |a 392 páginas | ||
| 500 | |a c.4 -Donación Prof. Ricardo Iglesias S. Memo HIS/005 - 26-8-2021 | ||
| 583 | |a last modification |c 19960823 00:00:00 |k Rodrigo Vera | ||
| 650 | 0 | |a Economía |z CHILE |y 1970-1973 |9 255568 | |
| 650 | 0 | |a Historia |z CHILE |y 1970-1973 |9 255047 | |
| 852 | |a BIBCUR | ||
| 942 | |c BK |2 ddc | ||
| 945 | |d 19960823 00:00:00 |a nastorga | ||
| 952 | |0 0 |1 0 |2 ddc |4 0 |6 330_000000000000000_BIT_1996 |7 0 |8 A |9 270401 |a BIBHIS |b BIBHIS |d 2019-11-19 |i 322404K |o 330 BIT 1996 |p 322404K |r 2025-01-20 |t 1 |w 2019-11-19 |y BK |k HIS | ||
| 952 | |0 0 |1 0 |2 ddc |4 0 |6 330_000000000000000_BIT_1996 |7 0 |8 A |9 270402 |a BIBHIS |b BIBHIS |d 2019-11-19 |i 3224058 |o 330 BIT 1996 |p 3224058 |r 2025-01-20 |t 2 |w 2019-11-19 |y BK |k HIS | ||
| 952 | |0 0 |1 0 |2 ddc |4 0 |6 330_000000000000000_BIT_1996 |7 0 |8 A |9 270403 |a BIBGIM |b BIBGIM |d 2019-11-19 |i 470083K |l 1 |o 330 BIT 1996 |p 470083K |r 2025-04-29 |s 2025-04-29 |t 3 |w 2019-11-19 |y BK |k GIM | ||
| 952 | |0 0 |1 0 |2 ddc |4 0 |6 330_000000000000000_BIT_1996 |7 0 |8 A |9 578882 |a BIBHIS |b BIBHIS |d 2021-09-23 |i 5624061 |l 1 |o 330 BIT 1996 |p 5624061 |r 2025-04-28 |s 2025-04-28 |t 4 |w 2021-09-23 |y BK |k HIS | ||